000 00546nam a2200169Ia 4500
003 GCL
008 140319s9999 xx 000 0 ara d
040 _aGCL /
_cGCL
082 0 4 _a805
_bم ط
100 1 _aارشد توفيق
245 1 0 _aالطليعة الادبية: تعنى بادب الشباب(العدد الرابع) /
_cارشد توفيق
700 1 _aسليم السامرالى
700 1 _aموفق خضر
700 1 _aفلاح الفتلى
300 _a97 ص
490 _aالهيئة العامة للاستعلامات
_v0
999 _c51192
_d51192